Miasta powiatowe, które brzmią jak przepływające przez nie rzeki - Statystyki

Ogólne statystyki
  • Ten quiz został rozwiązany 23 razy
    6 od ostatniego zresetowania
  • Średni wynik to 1 z 6
Statystyki odpowiedzi
Długość rzeki (km) Nazwa % Poprawnych
113,6 Ełk
60%
14,5 Elbląg
40%
99,01 Oława
20%
43,71 Oleśnica
20%
62,9 Nidzica
0%
36,07 Prudnik
0%
Nie znaleziono quizów pasujących do podanych kryteriów
Rozkład punktacji
Procent ludzi z każdym wynikiem
Percentyl według liczby udzielonych odpowiedzi
Twoja historia wyników
Nie rozwiązałeś tego quizu od ostatniego zresetowania